|
|
|
|
| LEADER |
01275nab#a2200409#ar4500 |
| 001 |
000124618 |
| 003 |
SVKKK |
| 005 |
20181205104455.0 |
| 008 |
131126d1915 xo |||||||||||||||b|hun |
| FMT |
|
|
|
| 038 |
|
|
|a SVKKK
|
| 040 |
|
|
|a SVKKK
|b slo
|e AACR2
|
| 041 |
0 |
|
|a hun
|
| 044 |
|
|
|a xo
|c SK
|
| 080 |
|
|
|a 656.2
|2 2011
|
| 080 |
|
|
|a 625.1
|2 2011
|
| 080 |
|
|
|a 35.082.4
|2 2011
|
| 080 |
|
|
|a (436+439)
|2 2011
|
| 080 |
|
|
|a (439.22)
|2 2011
|
| 242 |
1 |
0 |
|a Povýšenie, vymenovanie a prekvalifikovanie zamestnancov tabuľky "B" Košicko-bohumínskej železnice
|
| 245 |
1 |
2 |
|a A Ksod. "B" táblázatbeli alkalmazottak előléptetése, kinevezése, átminősitése
|
| 520 |
3 |
|
|a Článok na pokračovanie o zmenách na postoch u Košicko-bohumínskej železnice (Ksod.) uvádza zoznam povýšených a preradených zamestnancov železníc.
|
| 648 |
0 |
4 |
|a 1915
|
| 650 |
0 |
4 |
|a železničná doprava
|
| 650 |
0 |
4 |
|a železnice
|
| 650 |
0 |
4 |
|a služobný postup
|
| 650 |
0 |
4 |
|a povýšenia
|
| 651 |
|
4 |
|a Rakúsko-Uhorsko
|
| 651 |
|
4 |
|a Spiš (Slovensko)
|
| 655 |
|
4 |
|a hungariká
|
| 773 |
0 |
|
|t Szepesi Lapok : Politikai És Tátrai Ujság
|g Roč. XXXI, č. 58 (23.5.1915), s. 2
|
| 958 |
|
|
|a HU
|
| 974 |
|
|
|a vsz
|
| 992 |
|
|
|a RBX
|
| BAS |
|
|
|
| 852 |
|
|
|a SVKKK
|b BIB
|
| 998 |
|
|
|a RETRO
|